000 01907nam0a22003371 4500
001 v19\rc\1730606
005 20250619043429.0
035 _a(NLR Aleph) 004826089
090 _a5062862
_c5062862
100 _a20061002d1901 |||y0rusy50 ca
101 1 _arus
_cger
102 _aRU
105 _aa z |||||
200 1 _aКраткое руководство к физиолого-химическому анализу, применительно к клиническим потребностям
_f[Соч.] Carl'a Oppenheimer'a, д-ра философии и мед., ассистента в Физиол. ин-те Ун-та в Эрлангене
_g!Пер. соч. "Chemische technik für aerzte. Ein vademecum der klinischen chemie für die praxis von dr. Carl Oppenheimer", под ред., с изм. и доп. С.С. Салазкина, проф. физиол. химии в Жен. мед. ин-те
210 _aСанкт-Петербург
_cК.Л. Риккер
_d1901
215 _aVIII, 160 с.
_cил., табл.
_d19
300 _aПер. также под загл.: Химическая техника для врачей
451 0 _12001#$aХимическая техника для врачей
_tХимическая техника для врачей
454 0 _12001#$aChemische technik für aerzte$eEin vademecum der klinischen chemie für die praxis von dr. Carl Oppenheimer
_1700#1$aOppenheimer$bC.$gCarl
_tChemische technik für aerzte
_aOppenheimer, Carl
700 1 _aОппенхеймер
_bК.
_gКарл
702 1 _aСалазкин
_bС.С.
_f1862-1932
_gСергей Сергеевич
_4340
801 0 _aRU
_bNLR
_gpsbo
801 0 _aRU
_bRuMoRGB
_2psbo
801 1 _aRU
_bProSoft-M
_2rusmarc
852 _aNLR
_j20.67.6.10
852 _aNLR
_j129/248
899 _aRuMoRGB
_jM 36/700
899 _aRuMoRGB
_jM 173/221
899 _aБАН
942 _cBOOK
980 _aNB